000 00592nam a2200193 a 4500
001 000032008
005 20200930063343.0
008 110707s1995 dr 000 j spa d
040 _aDO-SdBNP
_bspa
_cBNPHU
082 _axxx
_bQ7c
100 1 _aQuiñones, Víctor
_927411
245 1 0 _aChito ; Ji jau /
_cVíctor Quiñones.
260 _aSantiago, República Dominicana :
_bImpresora Central,
_c1995.
300 _a46 p. ;
_c14 cm.
490 1 _aViraqui. Cuentos. Cuentos Linieros
_v3
730 0 _aJi jau
_958157
830 0 _aViraqui. Cuentos. Cuentos Linieros;
_n3
_958158
049 _aBNPD
999 _c31499
_d31499